| 000 | 02082nam a22002657a 4500 | ||
|---|---|---|---|
| 999 |
_c60224 _d60224 |
||
| 003 | Ge_BSU | ||
| 005 | 20230620151544.0 | ||
| 008 | 230620b xxu||||| |||| 00| 0 geo d | ||
| 020 | _a9789994069200 | ||
| 041 | _ageo | ||
| 080 | _a634.8(479.22)(09) რ-94 | ||
| 100 |
_a რუსიშვილი, ნანა _918824 |
||
| 245 |
_aვაზის კულტურა საქართველოში პალეოეთნობოტანიკური მონაცემების საფუძველზე = Культура виноградной лозы в Грузии. Результаты палеоэтноботанических исследований = Grapevine Culture in Georgia on Basis of Palaeobotanical Data / _cნანა რუსიშვილი ; [წინასიტყვ. მაია ხაბურზანია ; მთარგმნ. ირაკლი თოდრია ; რედ. აზა მდინარაძე ; ფოტ. ვლადიმერ კორჟი]. |
||
| 264 |
_aთბილისი : _bმთენი, _c2007. |
||
| 300 |
_a38 გვ. : _bილ. ; _c20 სმ. |
||
| 490 | _a საქართველო - ღვინის სამშობლო / პროექტის ავტ. ზვიად ბეგლარიშვილი | ||
| 500 | _aთავფ., ტექსტი და რეზ. ქართ., რუს. და ინგლ. ენ | ||
| 504 | _aბიბლიოგრ.: გვ. 37. | ||
| 653 | _aმევენახეობის ისტორია საქართველოში | ||
| 653 | _aმეღვინეობის ისტორია საქართველოში | ||
| 700 |
_aხაბურზანია, მაია _eწინასიტყვაობის ავტორი _918825 |
||
| 700 |
_aთოდრია, ირაკლი _eმთარგმნელი _96428 |
||
| 700 |
_aმდინარაძე, აზა _eრედაქტორი _918826 |
||
| 942 |
_2udc _cBK |
||